Trefwoorden aardrijkskundige Quiz - Landen - 15 vragen quiz 1 - Statistieken

Algemene statistieken
  • Deze quiz is 12 keer genomen
  • De gemiddelde score is 6 van 15
Antwoordstatistieken
Hint Antwoord % Correct
Dwergstaat - vlag rood geel en blauw - Frankrijk Andorra
67%
Libanon - Golanhoogten - Middellandse Zee Israël
67%
Europa - Frankrijk - Liechtenstein Zwitserland
67%
Zuidelijk halfrond - Oceanië - grootste Australië
56%
Eilandengroep - koraaleilanden - zuidwesten - India Malediven
56%
Centraal-Europa - Liechtenstein - Hongarije Oostenrijk
56%
Oceanië - Indonesië - 823 talen Papoea-Nieuw-Guinea
56%
Centraal-Europa - Duitsland - Slowakije Tsjechië
44%
Noord-Europa - Oostzee - Finse Golf Estland
33%
Archipel - 7641 - eilanden Filipijnen
33%
West-Europa - Golf van Biskaje - Duitsland Frankrijk
33%
Indochina - China - Golf van Tonkin Vietnam
22%
Spaanstalig - Andes - Bolivia Argentinië
11%
Oost-Europa - Proet - Dnjestr Moldavië
11%
Zuidoost-Europa - Montenegro - Albanië Servië
11%
Geen overeenkomende quizzen gevonden
Scoreverdeling
Procent van Mensen met Elke Score
Percentiel versus Aantal Correcte Antwoorden
Uw Scoregeschiedenis
U heeft deze quiz nog niet genomen